Novelizované ustanovenia zákona o DPH s komentárom

Komentár k jednotlivým novelizovaným ustanoveniam zákona o dani z pridanej hodnoty. Postavenie platiteľa dane. Právna úprava platná do 31. 3. 1999. Právna úprava platná od 1. 4. 1999.

Salvato in:
Dettagli Bibliografici
Autore principale: Zuziková, Alena
Natura: Capitolo di libro
Lingua:slovacco
Soggetti:
Tags: Aggiungi Tag
Nessun Tag, puoi essere il primo ad aggiungerne!!

MARC

LEADER 00000naa a2200000 4500
001 r035269
005 20230926081336.8
041 0 |a slo 
044 |a SK 
245 1 0 |a Novelizované ustanovenia zákona o DPH s komentárom  |c Alena Zuziková 
520 |a Komentár k jednotlivým novelizovaným ustanoveniam zákona o dani z pridanej hodnoty. Postavenie platiteľa dane. Právna úprava platná do 31. 3. 1999. Právna úprava platná od 1. 4. 1999. 
610 2 0 |a dane z hodnoty pridanej 
610 2 0 |a zákony 
610 2 0 |a novelizácia 
610 2 0 |a Slovensko 
610 2 0 |a komentáre 
610 2 0 |a 1999 
100 1 |a Zuziková, Alena